000 00787nam a2200253Ia 4500
003 OSt
005 20220923223255.0
006 a|||||r|||| 00| 0
007 ta
008 220922b |||||||| |||| 00| 0 hin d
024 _a212,744
037 _cTextual
040 _aARTS
_cARTS
_bhin
041 _2hin
_ahin
082 _aO152,3N25,PR, M3
100 _aलाल, लक्ष्मी नारायण
245 0 _aपुरुषोत्तम
246 _aPuruṣhottama
260 _aनई दिल्ली
_b सातवाहन
_c1983
300 _a205पृ.
_ccm.
650 _aहिन्दी कहानी
942 _hO152,3N25,PR, M3
_cTEXL
_2CC
999 _c363018
_d363018